Die Kreuzelschreiber: Ärzte ohne Gewissen; Euthanasie im Dritten Reich

Anlässlich des Gerichtsverfahrens gegen den nationalsozialistischen Arzt Prof. Dr. Werner Heyde befasst sich der Autor mit der Rolle und den Aufgaben von Ärzten in der Selektion von Menschen für die Ermordung und bei der Durchführung der Vernichtung im Dritten Reich. Daneben fragt der Autor nach dem...

Ausführliche Beschreibung

Gespeichert in:  
Bibliographische Detailangaben
1. VerfasserIn: Honolka, Bert 1928- (Verfasst von)
Medienart: Druck Buch
Sprache:Deutsch
Veröffentlicht: Hamburg Rütten u. Loening 1961
In: Das aktuelle Thema (12)
Jahr: 1961
Online-Zugang: Inhaltsverzeichnis
Bestand in Tübingen:In Tübingen vorhanden.
IFK: C X 2
Verfügbarkeit prüfen: HBZ Gateway
Subito Bestelldienst: Jetzt bestellen.
Schlagwörter:

MARC

LEADER 00000cam a2200000 c 4500
001 1091718024
003 DE-627
005 20250410190513.0
007 tu
008 900924s1961 xx ||||| 00| ||ger c
035 |a (DE-627)1091718024 
035 |a (DE-603)046375481 
035 |a (DE-576)021718024 
035 |a (DE-599)BSZ021718024 
035 |a (OCoLC)246019476 
035 |a (OCoLC)10177736 
035 |a (OCoLC)14619585 
035 |a (OCoLC)246019476 
035 |a (DE-604)8064786803 
040 |a DE-627  |b ger  |c DE-627  |e rakwb 
041 |a ger 
084 |a XB 3370  |2 rvk  |0 (DE-625)rvk/152454: 
084 |a NQ 2350  |2 rvk  |0 (DE-625)rvk/128254: 
100 1 |8 1\p  |a Honolka, Bert  |d 1928-  |0 (DE-588)1048215369  |0 (DE-627)780002369  |0 (DE-576)402046668  |4 aut 
109 |a Honolka, Bert 1928- 
245 1 4 |a Die Kreuzelschreiber  |b Ärzte ohne Gewissen; Euthanasie im Dritten Reich  |c Bert Honolka 
264 1 |a Hamburg  |b Rütten u. Loening  |c 1961 
300 |a 157 S. 
336 |a Text  |b txt  |2 rdacontent 
337 |a ohne Hilfsmittel zu benutzen  |b n  |2 rdamedia 
338 |a Band  |b nc  |2 rdacarrier 
490 1 |a Das aktuelle Thema  |v 12 
520 |a Anlässlich des Gerichtsverfahrens gegen den nationalsozialistischen Arzt Prof. Dr. Werner Heyde befasst sich der Autor mit der Rolle und den Aufgaben von Ärzten in der Selektion von Menschen für die Ermordung und bei der Durchführung der Vernichtung im Dritten Reich. Daneben fragt der Autor nach dem Rechtsempfinden der Ärzte und der Rechtsgrundlage zur Zeit des Nationalsozialismus 
583 1 |a Archivierung/Langzeitarchivierung gewährleistet  |f SLG  |x XA-DE-BW  |z BfZ  |2 pdager  |5 DE-24 
648 7 |a Geschichte 1933-1945  |2 gnd 
650 0 7 |0 (DE-588)4013021-6  |0 (DE-627)104682922  |0 (DE-576)208901639  |a Drittes Reich  |2 gnd 
650 0 7 |0 (DE-588)4015794-5  |0 (DE-627)104131632  |0 (DE-576)20891353X  |a Euthanasie  |g Nationalsozialismus  |2 gnd 
650 0 7 |0 (DE-588)4003157-3  |0 (DE-627)104544988  |0 (DE-576)208850414  |a Arzt  |2 gnd 
651 7 |0 (DE-588)4011882-4  |0 (DE-627)104704861  |0 (DE-576)208896155  |a Deutschland  |2 gnd 
689 0 0 |d s  |0 (DE-588)4013021-6  |0 (DE-627)104682922  |0 (DE-576)208901639  |a Drittes Reich  |2 gnd 
689 0 1 |d s  |0 (DE-588)4015794-5  |0 (DE-627)104131632  |0 (DE-576)20891353X  |a Euthanasie  |g Nationalsozialismus  |2 gnd 
689 0 |5 (DE-627) 
830 4 |a Das aktuelle Thema  |v 12  |9 12  |w (DE-627)170267512  |w (DE-576)004935330  |w (DE-600)1033260-1  |7 am 
856 4 2 |u http://scans.hebis.de/HEBCGI/show.pl?04637548_toc.pdf  |m V:DE-603;B:DE-30  |q application/pdf  |3 Inhaltsverzeichnis  |7 1 
883 |8 1\p  |a cgwrk  |d 20241001  |q DE-101  |u https://d-nb.info/provenance/plan#cgwrk 
936 r v |a XB 3370  |b Medizin während des Nationalsozialismus  |k Medizin  |k Geschichte der Medizin  |k Epochen und Kulturkreise  |k 19. und 20. Jahrhundert  |k Medizin während des Nationalsozialismus  |0 (DE-627)1271622211  |0 (DE-625)rvk/152454:  |0 (DE-576)201622211 
936 r v |a NQ 2350  |b Konzentrationslager, Euthanasie etc.  |k Geschichte  |k Geschichte seit 1918  |k Drittes Reich  |k Innere Geschichte  |k NS-Terror  |k Konzentrationslager, Euthanasie etc.  |0 (DE-627)1270875485  |0 (DE-625)rvk/128254:  |0 (DE-576)200875485 
951 |a BO 
ELC |b 1 
LOK |0 000 xxxxxcx a22 zn 4500 
LOK |0 001 2151397203 
LOK |0 003 DE-627 
LOK |0 004 1091718024 
LOK |0 005 20020607000000 
LOK |0 008 931021||||||||||||||||ger||||||| 
LOK |0 040   |a DE-21-110  |c DE-627  |d DE-21-110 
LOK |0 852   |a DE-21-110 
LOK |0 852 1  |c C X 2  |m p  |9 00 
LOK |0 935   |a k110 
LOK |0 936ln  |a 10.2 
LOK |0 938   |k p 
LOK |0 939   |a 21-10-93  |b l01 
ORI |a SA-MARC-krimdoka001.raw 
SIG |a IFK: C X 2 
TIM |a 100019330101_100019451231  |b Drittes Reich 1933-1945